Vplyv hrúbky náteru dutiny formy na priedušnosť formovacej zmesi : Diplomová práca

Na minha lista:
Detalhes bibliográficos
Autor principal: Počujková, Ivana (Author)
Outros Autores: Pokusa, Anton, 1940- (xxx)
Formato: Manuscrito Livro
Idioma:eslovaco
Publicado em: Trnava : STU v Bratislave MtF KZl, 2006
Assuntos:
Tags: Adicionar Tag
Sem tags, seja o primeiro a adicionar uma tag!

MARC

LEADER 00000ntm a22000003a 4500
001 stu119934
005 20160719155538.0
008 060606s2006----xo------------------slo-d
040 |a STU  |b slo 
041 0 |a slo 
044 |a xo 
100 1 |a Počujková, Ivana  |4 aut 
245 1 |a Vplyv hrúbky náteru dutiny formy na priedušnosť formovacej zmesi :  |b Diplomová práca 
260 |a Trnava :  |b STU v Bratislave MtF KZl,  |c 2006 
300 |a 56 s  |c 1 CD 
650 7 |a technológie strojárskej výroby  |2 stusub 
650 7 |a prášková metalurgia  |2 stusub 
700 1 |a Pokusa, Anton,  |d 1940-  |4 xxx  |u M230  |U MTF Ústav výrobných technológií  |T MTF Katedra zlievarenstva  |X 282  |U M230  |Y M230  |7 A000000282 
996 |b 284M073314  |c M*DP-5997  |l MMSKP  |s P  |a 0  |w stu119934_0001